<?xml version="1.0" encoding="UTF-8"?>
<record
    xmlns:xsi="http://www.w3.org/2001/XMLSchema-instance"
    xsi:schemaLocation="http://www.loc.gov/MARC21/slim http://www.loc.gov/standards/marcxml/schema/MARC21slim.xsd"
    xmlns="http://www.loc.gov/MARC21/slim">

  <leader>00456nam a22001457a 4500</leader>
  <controlfield tag="005">20241130153648.0</controlfield>
  <controlfield tag="008">241130b        |||||||| |||| 00| 0 eng d</controlfield>
  <datafield tag="020" ind1=" " ind2=" ">
    <subfield code="a">9788174731838</subfield>
  </datafield>
  <datafield tag="050" ind1=" " ind2=" ">
    <subfield code="a">QD455.5 NEG</subfield>
  </datafield>
  <datafield tag="100" ind1=" " ind2=" ">
    <subfield code="a">Negi, K. S.  Dr.</subfield>
  </datafield>
  <datafield tag="245" ind1=" " ind2=" ">
    <subfield code="a">Essentials of Physics &amp; Chemistry for Nursing Students</subfield>
    <subfield code="c">K. S. Negi</subfield>
  </datafield>
  <datafield tag="260" ind1=" " ind2=" ">
    <subfield code="a">Krishan Nagar, Delhi</subfield>
    <subfield code="b">A.I.T.B.S. Publishers &amp; Distributors</subfield>
    <subfield code="c">2006</subfield>
  </datafield>
  <datafield tag="300" ind1=" " ind2=" ">
    <subfield code="a">ix.148p.</subfield>
    <subfield code="b">ill.</subfield>
    <subfield code="c">21.5cm</subfield>
  </datafield>
  <datafield tag="942" ind1=" " ind2=" ">
    <subfield code="2">lcc</subfield>
    <subfield code="c">BK</subfield>
    <subfield code="n">0</subfield>
  </datafield>
  <datafield tag="999" ind1=" " ind2=" ">
    <subfield code="c">1876</subfield>
    <subfield code="d">1876</subfield>
  </datafield>
  <datafield tag="952" ind1=" " ind2=" ">
    <subfield code="0">0</subfield>
    <subfield code="1">0</subfield>
    <subfield code="2">lcc</subfield>
    <subfield code="4">0</subfield>
    <subfield code="7">0</subfield>
    <subfield code="8">NFIC</subfield>
    <subfield code="a">MSL</subfield>
    <subfield code="b">MSL</subfield>
    <subfield code="c">GEN</subfield>
    <subfield code="d">2024-11-30</subfield>
    <subfield code="l">0</subfield>
    <subfield code="o">QD455.5 NEG</subfield>
    <subfield code="p">SLM00001104</subfield>
    <subfield code="r">2024-11-30 15:38:33</subfield>
    <subfield code="t">1</subfield>
    <subfield code="w">2024-11-30</subfield>
    <subfield code="y">BK</subfield>
  </datafield>
  <datafield tag="952" ind1=" " ind2=" ">
    <subfield code="0">0</subfield>
    <subfield code="1">0</subfield>
    <subfield code="2">lcc</subfield>
    <subfield code="4">0</subfield>
    <subfield code="7">0</subfield>
    <subfield code="8">NFIC</subfield>
    <subfield code="a">MSL</subfield>
    <subfield code="b">MSL</subfield>
    <subfield code="c">GEN</subfield>
    <subfield code="d">2024-11-30</subfield>
    <subfield code="l">0</subfield>
    <subfield code="o">QD455.5 NEG</subfield>
    <subfield code="p">SLM00001105</subfield>
    <subfield code="r">2024-11-30 15:38:33</subfield>
    <subfield code="t">2</subfield>
    <subfield code="w">2024-11-30</subfield>
    <subfield code="y">BK</subfield>
  </datafield>
  <datafield tag="952" ind1=" " ind2=" ">
    <subfield code="0">0</subfield>
    <subfield code="1">0</subfield>
    <subfield code="2">lcc</subfield>
    <subfield code="4">0</subfield>
    <subfield code="7">0</subfield>
    <subfield code="8">NFIC</subfield>
    <subfield code="a">MSL</subfield>
    <subfield code="b">MSL</subfield>
    <subfield code="c">GEN</subfield>
    <subfield code="d">2024-11-30</subfield>
    <subfield code="l">0</subfield>
    <subfield code="o">QD455.5 NEG</subfield>
    <subfield code="p">SLM00001106</subfield>
    <subfield code="r">2024-11-30 15:38:33</subfield>
    <subfield code="t">3</subfield>
    <subfield code="w">2024-11-30</subfield>
    <subfield code="y">BK</subfield>
  </datafield>
  <datafield tag="952" ind1=" " ind2=" ">
    <subfield code="0">0</subfield>
    <subfield code="1">0</subfield>
    <subfield code="2">lcc</subfield>
    <subfield code="4">0</subfield>
    <subfield code="7">0</subfield>
    <subfield code="8">NFIC</subfield>
    <subfield code="a">MSL</subfield>
    <subfield code="b">MSL</subfield>
    <subfield code="c">GEN</subfield>
    <subfield code="d">2024-11-30</subfield>
    <subfield code="l">0</subfield>
    <subfield code="o">QD455.5 NEG</subfield>
    <subfield code="p">SLM00001107</subfield>
    <subfield code="r">2024-11-30 15:38:33</subfield>
    <subfield code="t">4</subfield>
    <subfield code="w">2024-11-30</subfield>
    <subfield code="y">BK</subfield>
  </datafield>
  <datafield tag="952" ind1=" " ind2=" ">
    <subfield code="0">0</subfield>
    <subfield code="1">0</subfield>
    <subfield code="2">lcc</subfield>
    <subfield code="4">0</subfield>
    <subfield code="7">0</subfield>
    <subfield code="8">NFIC</subfield>
    <subfield code="a">MSL</subfield>
    <subfield code="b">MSL</subfield>
    <subfield code="c">GEN</subfield>
    <subfield code="d">2024-11-30</subfield>
    <subfield code="l">0</subfield>
    <subfield code="o">QD455.5 NEG</subfield>
    <subfield code="p">SLM00001108</subfield>
    <subfield code="r">2024-11-30 15:38:33</subfield>
    <subfield code="t">5</subfield>
    <subfield code="w">2024-11-30</subfield>
    <subfield code="y">BK</subfield>
  </datafield>
  <datafield tag="952" ind1=" " ind2=" ">
    <subfield code="0">0</subfield>
    <subfield code="1">0</subfield>
    <subfield code="2">lcc</subfield>
    <subfield code="4">0</subfield>
    <subfield code="7">0</subfield>
    <subfield code="8">NFIC</subfield>
    <subfield code="a">MSL</subfield>
    <subfield code="b">MSL</subfield>
    <subfield code="c">GEN</subfield>
    <subfield code="d">2024-11-30</subfield>
    <subfield code="l">0</subfield>
    <subfield code="o">QD455.5 NEG</subfield>
    <subfield code="p">SLM00001109</subfield>
    <subfield code="r">2024-11-30 15:38:33</subfield>
    <subfield code="t">6</subfield>
    <subfield code="w">2024-11-30</subfield>
    <subfield code="y">BK</subfield>
  </datafield>
  <datafield tag="952" ind1=" " ind2=" ">
    <subfield code="0">0</subfield>
    <subfield code="1">0</subfield>
    <subfield code="2">lcc</subfield>
    <subfield code="4">0</subfield>
    <subfield code="7">0</subfield>
    <subfield code="8">NFIC</subfield>
    <subfield code="a">MSL</subfield>
    <subfield code="b">MSL</subfield>
    <subfield code="c">GEN</subfield>
    <subfield code="d">2024-11-30</subfield>
    <subfield code="l">0</subfield>
    <subfield code="o">QD455.5 NEG</subfield>
    <subfield code="p">SLM00001110</subfield>
    <subfield code="r">2024-11-30 15:38:33</subfield>
    <subfield code="t">7</subfield>
    <subfield code="w">2024-11-30</subfield>
    <subfield code="y">BK</subfield>
  </datafield>
  <datafield tag="952" ind1=" " ind2=" ">
    <subfield code="0">0</subfield>
    <subfield code="1">0</subfield>
    <subfield code="2">lcc</subfield>
    <subfield code="4">0</subfield>
    <subfield code="7">0</subfield>
    <subfield code="8">NFIC</subfield>
    <subfield code="a">MSL</subfield>
    <subfield code="b">MSL</subfield>
    <subfield code="c">GEN</subfield>
    <subfield code="d">2024-11-30</subfield>
    <subfield code="l">0</subfield>
    <subfield code="o">QD455.5 NEG</subfield>
    <subfield code="p">SLM00001111</subfield>
    <subfield code="r">2024-11-30 15:38:33</subfield>
    <subfield code="t">8</subfield>
    <subfield code="w">2024-11-30</subfield>
    <subfield code="y">BK</subfield>
  </datafield>
  <datafield tag="952" ind1=" " ind2=" ">
    <subfield code="0">0</subfield>
    <subfield code="1">0</subfield>
    <subfield code="2">lcc</subfield>
    <subfield code="4">0</subfield>
    <subfield code="7">0</subfield>
    <subfield code="8">NFIC</subfield>
    <subfield code="a">MSL</subfield>
    <subfield code="b">MSL</subfield>
    <subfield code="c">GEN</subfield>
    <subfield code="d">2024-11-30</subfield>
    <subfield code="l">0</subfield>
    <subfield code="o">QD455.5 NEG</subfield>
    <subfield code="p">SLM00001112</subfield>
    <subfield code="r">2024-11-30 15:38:33</subfield>
    <subfield code="t">9</subfield>
    <subfield code="w">2024-11-30</subfield>
    <subfield code="y">BK</subfield>
  </datafield>
  <datafield tag="952" ind1=" " ind2=" ">
    <subfield code="0">0</subfield>
    <subfield code="1">0</subfield>
    <subfield code="2">lcc</subfield>
    <subfield code="4">0</subfield>
    <subfield code="7">0</subfield>
    <subfield code="8">NFIC</subfield>
    <subfield code="a">MSL</subfield>
    <subfield code="b">MSL</subfield>
    <subfield code="c">GEN</subfield>
    <subfield code="d">2024-11-30</subfield>
    <subfield code="l">0</subfield>
    <subfield code="o">QD455.5 NEG</subfield>
    <subfield code="p">SLM00001113</subfield>
    <subfield code="r">2024-11-30 15:38:33</subfield>
    <subfield code="t">10</subfield>
    <subfield code="w">2024-11-30</subfield>
    <subfield code="y">BK</subfield>
  </datafield>
  <datafield tag="952" ind1=" " ind2=" ">
    <subfield code="0">0</subfield>
    <subfield code="1">0</subfield>
    <subfield code="2">lcc</subfield>
    <subfield code="4">0</subfield>
    <subfield code="7">0</subfield>
    <subfield code="8">NFIC</subfield>
    <subfield code="a">MSL</subfield>
    <subfield code="b">MSL</subfield>
    <subfield code="c">GEN</subfield>
    <subfield code="d">2024-11-30</subfield>
    <subfield code="l">0</subfield>
    <subfield code="o">QD455.5 NEG</subfield>
    <subfield code="p">SLM00001114</subfield>
    <subfield code="r">2024-11-30 15:38:33</subfield>
    <subfield code="t">11</subfield>
    <subfield code="w">2024-11-30</subfield>
    <subfield code="y">BK</subfield>
  </datafield>
  <datafield tag="952" ind1=" " ind2=" ">
    <subfield code="0">0</subfield>
    <subfield code="1">0</subfield>
    <subfield code="2">lcc</subfield>
    <subfield code="4">0</subfield>
    <subfield code="7">0</subfield>
    <subfield code="8">NFIC</subfield>
    <subfield code="a">MSL</subfield>
    <subfield code="b">MSL</subfield>
    <subfield code="c">GEN</subfield>
    <subfield code="d">2024-11-30</subfield>
    <subfield code="l">0</subfield>
    <subfield code="o">QD455.5 NEG</subfield>
    <subfield code="p">SLM00001115</subfield>
    <subfield code="r">2024-11-30 15:38:33</subfield>
    <subfield code="t">12</subfield>
    <subfield code="w">2024-11-30</subfield>
    <subfield code="y">BK</subfield>
  </datafield>
  <datafield tag="952" ind1=" " ind2=" ">
    <subfield code="0">0</subfield>
    <subfield code="1">0</subfield>
    <subfield code="2">lcc</subfield>
    <subfield code="4">0</subfield>
    <subfield code="7">0</subfield>
    <subfield code="8">NFIC</subfield>
    <subfield code="a">MSL</subfield>
    <subfield code="b">MSL</subfield>
    <subfield code="c">GEN</subfield>
    <subfield code="d">2024-11-30</subfield>
    <subfield code="l">0</subfield>
    <subfield code="o">QD455.5 NEG</subfield>
    <subfield code="p">SLM00001116</subfield>
    <subfield code="r">2024-11-30 15:38:33</subfield>
    <subfield code="t">13</subfield>
    <subfield code="w">2024-11-30</subfield>
    <subfield code="y">BK</subfield>
  </datafield>
</record>
